Gaming Quiz

Random Gaming or Clickable Quiz

Board Game Objective Match-Up Quiz Stats

 Plays Quiz Updated Sep 20, 2017

Challenge
Share
Tweet
Embed
Score 0/18 Timer 05:00
3 Plays Today
% Correct
Candy Land
95.6%
Battleship
95.5%
Mouse Trap
95.2%
Scrabble
95.1%
Monopoly
94.5%
Connect Four
93.4%
Clue(do)
92.1%
Chess
91.8%
Trivial Pursuit
90%
% Correct
Checkers
87.7%
Guess Who?
87.7%
The Game of Life
84.1%
Risk
83.9%
Settlers of Catan
81.6%
Stratego
76.5%
Backgammon
74.7%
Amazing Labyrinth
73.9%
Operation
73.4%

You're not logged in!

Compare scores with friends on all Sporcle quizzes.
OR
Log In

You Might Also Like...

Show Comments

Extras

Top Quizzes Today


Score Distribution

Your Account Isn't Verified!

In order to create a playlist on Sporcle, you need to verify the email address you used during registration. Go to your Sporcle Settings to finish the process.

Report this User

Report this user for behavior that violates our Community Guidelines.

Details: